00563nam a2200157 a 450000500170000000800410001702000180005805000180007624500850009426000380017930000190021765000200023665000200025699900190027695201100029520140412111324.0001111s19uu xx 00 eng d a0-307-62800-0 aERbTh32 1986 aThree little pigs and other nursery tales /cillustrated by Christopher Santoro. aNew York :bA Golden Book,c1986. a[38] p. ; ill. aPigs -- stories aPigs -- Fiction c104488d104488 00104050aELbELcERd2000-11-11eDonationl0oER Th32 1986pE8019r2014-04-12 00:00:00w2014-04-12yBK